Implementácia medzinárodných účtovných štandardov (IAS) do účtovníctva Slovenskej republiky a Českej republiky : Zborník, Belušské Slatiny, 25. - 27. 6. 2001 /
Saved in:
| Main Author: | |
|---|---|
| Corporate Author: | |
| Other Authors: | |
| Format: | Conference Proceeding Book |
| Language: | Slovak Czech |
| Published: |
Bratislava :
Ekonomická univerzita v Bratislave,
2001
|
| Edition: | [1. vyd.] |
| ISBN: | 8022514799 |
| Online Access: |
|
| Tags: |
Add Tag
No Tags, Be the first to tag this record!
|
MARC
| LEADER | 00000nam a2200000 4500 | ||
|---|---|---|---|
| 003 | SK-BrCVT | ||
| 005 | 20220621154420.0 | ||
| 008 | 020202s2001 xo e ||||||slo d | ||
| 020 | |a 8022514799 | ||
| 035 | |a CVTIDW0961553 | ||
| 040 | |b slo |a CVTI SR | ||
| 041 | 0 | |a slo |a cze | |
| 044 | |a xo | ||
| 080 | |a 657 |2 UDC-MRF | ||
| 100 | 1 | |a Kovalčíková, Antónia |9 24261 | |
| 111 | 0 | |a Zborník |n (Belušské Slatiny) |f 25. - 27. 6. 2001 | |
| 245 | 1 | 0 | |a Implementácia medzinárodných účtovných štandardov (IAS) do účtovníctva Slovenskej republiky a Českej republiky : |b Zborník, Belušské Slatiny, 25. - 27. 6. 2001 / |c Autori: Antónia Kovalčíková a kol. ; Zost.: Božena. Soukupová |
| 250 | |a [1. vyd.] | ||
| 260 | |a Bratislava : |b Ekonomická univerzita v Bratislave, |c 2001 | ||
| 300 | |a 187 s. : |b grafy, lit., tab. ; | ||
| 692 | |a LN DD JM MM | ||
| 700 | 1 | |a Soukupová, Božena |d 1938-, |9 11353 | |
| 910 | |b A581121 | ||
| 919 | |a 80-225-1479-9 | ||
| 974 | |f Knihy | ||
| 992 | |a AZN | ||
| 999 | |c 113009 |d 113009 | ||

